[Event "Olimpiada de Khanty-Mansiysk 2010"]
[Site "Khanty-Mansiysk RUS"]
[Date "2010.09.30"]
[Round "9"]
[White "Karjakin, Sergey"]
[Black "Pashikian, Arman"]
[Result "1/2-1/2"]
[WhiteElo "2747"]
[BlackElo "2639"]
[PlyCount "45"]
[EventDate "2010.09.21"]
[EventType "team"]
[EventRounds "11"]
[EventCountry "RUS"]
[Source "lmi"]
[SourceDate "2010.09.21"]
[WhiteTeam "RU1"]
[BlackTeam "Armenia"]
[BlackTeamCountry "ARM"]

1. e4 e5 2. Nf3 Nc6 3. Bb5 Nf6 4. O-O Nxe4 5. d4 Nd6 6. Bxc6 dxc6 7. dxe5 Nf5
8. Qxd8+ Kxd8 9. h3 Ke8 10. Nc3 h5 11. Ne2 Be7 12. Bg5 Be6 13. Nf4 Bd5 14. Nxd5
cxd5 15. Rad1 c6 16. Rd3 h4 17. Re1 Rh5 18. Bf4 g6 19. a4 Rd8 20. Red1 Ng7 21.
Be3 Ne6 22. a5 a6 23. c3 1/2-1/2

[Event "Olimpiada de Khanty-Mansiysk 2010"]
[Site "Khanty-Mansiysk RUS"]
[Date "2010.09.30"]
[Round "9"]
[White "Fressinet, Laurent"]
[Black "Mchedlishvili, Mikheil"]
[Result "1/2-1/2"]
[WhiteElo "2718"]
[BlackElo "2628"]
[PlyCount "74"]
[EventDate "2010.09.21"]
[EventType "team"]
[EventRounds "11"]
[EventCountry "RUS"]
[Source "lmi"]
[SourceDate "2010.09.21"]
[WhiteTeam "Francia"]
[BlackTeam "Georgia"]
[WhiteTeamCountry "FRA"]
[BlackTeamCountry "GEO"]

1. d4 d5 2. c4 e6 3. Nf3 Nf6 4. Nc3 Be7 5. Bg5 h6 6. Bxf6 Bxf6 7. Qb3 c6 8. e3
Nd7 9. Be2 O-O 10. O-O b6 11. Rfd1 Bb7 12. a4 a6 13. Rac1 Be7 14. Qc2 Qb8 15.
Nd2 Rd8 16. Bf3 Nf6 17. Qb3 Qa7 18. e4 Rab8 19. cxd5 cxd5 20. e5 Nh7 21. Be2
Rdc8 22. Nf3 Bc6 23. Bd3 Ng5 24. Nxg5 Bxg5 25. Rc2 g6 26. Ne2 Qd7 27. Ra1 b5
28. a5 Bb7 29. Rxc8+ Rxc8 30. Qb4 Qe7 31. Qe1 h5 32. Nc1 Bh6 33. Nb3 Rc7 34.
Nc5 Qh4 35. Qc3 Qf4 36. Rd1 h4 37. Be2 Qf5 1/2-1/2

[Event "Olimpiada de Khanty-Mansiysk 2010"]
[Site "Khanty-Mansiysk RUS"]
[Date "2010.09.30"]
[Round "9"]
[White "Balogh, Csaba"]
[Black "Mikhalevski, Victor"]
[Result "1/2-1/2"]
[WhiteElo "2608"]
[BlackElo "2610"]
[PlyCount "88"]
[EventDate "2010.09.21"]
[EventType "team"]
[EventRounds "11"]
[EventCountry "RUS"]
[Source "lmi"]
[SourceDate "2010.09.21"]
[WhiteTeam "Hungría"]
[BlackTeam "Israel"]
[WhiteTeamCountry "HUN"]
[BlackTeamCountry "ISR"]

1. e4 e5 2. Nf3 Nc6 3. Bb5 a6 4. Ba4 Nf6 5. O-O Nxe4 6. d4 b5 7. Bb3 d5 8. dxe5
Be6 9. Be3 Be7 10. c3 Nc5 11. Bc2 Nd7 12. Re1 Ndxe5 13. Nxe5 Nxe5 14. Bd4 Ng6
15. Bxg7 Rg8 16. Bxg6 Rxg7 17. Rxe6 hxg6 18. Re2 Kf8 19. Qd3 Rh7 20. Nd2 Bf6
21. Nf3 Qd6 22. Rae1 Kg7 23. h3 Rd8 24. Ne5 Rh5 25. Ng4 d4 26. Nxf6 Qxf6 27.
cxd4 Rxd4 28. Qc3 c5 29. b3 Rhd5 30. Rc2 Rd1 31. Qxf6+ Kxf6 32. Kf1 R5d2 33.
Rxc5 Rxe1+ 34. Kxe1 Rxa2 35. h4 Ke6 36. g4 Kd6 37. Rc1 Rb2 38. Ra1 Rxb3 39.
Rxa6+ Ke5 40. h5 gxh5 41. gxh5 f5 42. h6 Rh3 43. Rb6 Kf4 44. Ke2 Rh2 1/2-1/2

[Event "Olimpiada de Khanty-Mansiysk 2010"]
[Site "Khanty-Mansiysk RUS"]
[Date "2010.09.30"]
[Round "9"]
[White "Quesada Perez, Yuniesky"]
[Black "Bu, Xiangzhi"]
[Result "1/2-1/2"]
[WhiteElo "2614"]
[BlackElo "2695"]
[PlyCount "77"]
[EventDate "2010.09.21"]
[EventType "team"]
[EventRounds "11"]
[EventCountry "RUS"]
[Source "lmi"]
[SourceDate "2010.09.21"]
[WhiteTeam "Cuba"]
[BlackTeam "China"]
[WhiteTeamCountry "CUB"]
[BlackTeamCountry "CHN"]

1. e4 e5 2. Nf3 Nf6 3. Nxe5 d6 4. Nf3 Nxe4 5. d4 d5 6. Bd3 Be7 7. O-O Nc6 8. c4
Nb4 9. Be2 O-O 10. Nc3 Bf5 11. a3 Nxc3 12. bxc3 Nc6 13. Re1 Re8 14. cxd5 Qxd5
15. Bf4 Rac8 16. h3 h6 17. Qa4 Bd7 18. Rab1 a6 19. Nd2 Na5 20. Qc2 Qf5 21. Qxf5
Bxf5 22. Bg4 Bxg4 23. hxg4 Bd6 24. Rxe8+ Rxe8 25. Bxd6 cxd6 26. Kf1 d5 27. a4
Re6 28. Rb4 Rc6 29. Nb3 Nxb3 30. Rxb3 b6 31. Ke2 Kf8 32. Kd3 Ke7 33. f3 Kd7 34.
Rb1 Kc7 35. a5 bxa5 36. Ra1 Kb6 37. Rb1+ Kc7 38. Ra1 Kb6 39. Rb1+ 1/2-1/2

[Event "Olimpiada de Khanty-Mansiysk 2010"]
[Site "Khanty-Mansiysk RUS"]
[Date "2010.09.30"]
[Round "9"]
[White "Zhou, Jianchao"]
[Black "Hernandez Carmenates, Hol"]
[Result "1/2-1/2"]
[WhiteElo "2660"]
[BlackElo "2563"]
[PlyCount "86"]
[EventDate "2010.09.21"]
[EventType "team"]
[EventRounds "11"]
[EventCountry "RUS"]
[Source "lmi"]
[SourceDate "2010.09.21"]
[WhiteTeam "China"]
[BlackTeam "Cuba"]
[WhiteTeamCountry "CHN"]
[BlackTeamCountry "CUB"]

1. Nf3 Nf6 2. c4 e6 3. Nc3 Bb4 4. Qc2 O-O 5. a3 Bxc3 6. Qxc3 b6 7. e3 Bb7 8.
Be2 d6 9. O-O Nbd7 10. d3 a5 11. b3 c5 12. Bb2 Qc7 13. b4 axb4 14. axb4 Rxa1
15. Rxa1 Ra8 16. d4 Rxa1+ 17. Bxa1 cxb4 18. Qxb4 d5 19. Qe7 Qc8 20. Ng5 Qf8 21.
Qxf8+ Kxf8 22. cxd5 Bxd5 23. f3 Bb7 24. e4 h6 25. Nh3 Nb8 26. Kf2 Ba6 27. Bd1
Bc4 28. Nf4 g5 29. Ne2 Ne8 30. Nc3 Nd6 31. Bb2 Kg8 32. Ba3 Nb5 33. Nxb5 Bxb5
34. d5 exd5 35. exd5 Bc4 36. d6 f6 37. Ke3 Kf7 38. Kd4 Be6 39. Ba4 Nd7 40. Bc6
f5 41. f4 g4 42. Bb4 Nb8 43. Bb5 Bd7 1/2-1/2

[Event "Olimpiada de Khanty-Mansiysk 2010"]
[Site "Khanty-Mansiysk RUS"]
[Date "2010.09.30"]
[Round "9"]
[White "Socko, Bartosz"]
[Black "Harikrishna, Pentala"]
[Result "1/2-1/2"]
[WhiteElo "2657"]
[BlackElo "2645"]
[PlyCount "57"]
[EventDate "2010.09.21"]
[EventType "team"]
[EventRounds "11"]
[EventCountry "RUS"]
[Source "lmi"]
[SourceDate "2010.09.21"]
[WhiteTeam "Polonia"]
[BlackTeam "India"]
[WhiteTeamCountry "POL"]
[BlackTeamCountry "IND"]

1. e4 e5 2. Nf3 Nc6 3. Bb5 Nf6 4. O-O Nxe4 5. d4 Nd6 6. Bxc6 dxc6 7. dxe5 Nf5
8. Qxd8+ Kxd8 9. Nc3 Bd7 10. b3 Kc8 11. Bb2 Be7 12. Rad1 b6 13. h3 h5 14. Ne4
c5 15. Nc3 a5 16. Nd5 Bd8 17. a4 c4 18. Rfe1 Re8 19. Re4 cxb3 20. cxb3 Be6 21.
Rd3 Ne7 22. Nxe7+ Bxe7 23. Nd4 Rd8 24. Ree3 Kb7 25. Nxe6 fxe6 26. Kf1 Bc5 27.
Rf3 Rxd3 28. Rxd3 Rf8 29. f3 1/2-1/2

[Event "Olimpiada de Khanty-Mansiysk 2010"]
[Site "Khanty-Mansiysk RUS"]
[Date "2010.09.30"]
[Round "9"]
[White "Ganguly, Surya Shekhar"]
[Black "Miton, Kamil"]
[Result "0-1"]
[WhiteElo "2650"]
[BlackElo "2629"]
[PlyCount "122"]
[EventDate "2010.09.21"]
[EventType "team"]
[EventRounds "11"]
[EventCountry "RUS"]
[Source "lmi"]
[SourceDate "2010.09.21"]
[WhiteTeam "India"]
[BlackTeam "Polonia"]
[WhiteTeamCountry "IND"]
[BlackTeamCountry "POL"]

1. e4 e5 2. Nf3 Nc6 3. Bb5 Nf6 4. O-O Nxe4 5. d4 Nd6 6. Bxc6 dxc6 7. dxe5 Nf5
8. Qxd8+ Kxd8 9. Nc3 Ke8 10. h3 h5 11. Ne2 Be7 12. Bg5 Be6 13. Nf4 Bd5 14. Nxd5
cxd5 15. Rad1 c6 16. Rd3 h4 17. Re1 Bxg5 18. Nxg5 Rh5 19. f4 Ke7 20. c4 dxc4
21. Rd2 Rd8 22. Rxd8 Kxd8 23. Nxf7+ Ke7 24. Ng5 Rh8 25. Rd1 Rd8 26. Rxd8 Kxd8
27. Kf2 b5 28. Kf3 Ke7 29. Ke4 Ng3+ 30. Kd4 Ne2+ 31. Ke3 c3 32. bxc3 Nxc3 33.
Nf3 Nxa2 34. Nxh4 Nc3 35. Nf5+ Kf7 36. Kd4 Ne2+ 37. Ke3 Nc3 38. Kd4 Ne2+ 39.
Ke4 Nc3+ 40. Kd3 Nd5 41. g3 a5 42. Nd4 Ne7 43. g4 a4 44. e6+ Kf8 45. f5 b4 46.
h4 b3 47. f6 gxf6 48. h5 c5 49. Nf5 c4+ 50. Kd2 a3 51. Nxe7 Kxe7 52. h6 a2 53.
h7 a1=Q 54. h8=Q Qd4+ 55. Ke1 Qe3+ 56. Kd1 c3 57. Qh7+ Kxe6 58. Qg8+ Ke5 59.
Qb8+ Ke4 60. Qe8+ Kf3 61. Qc6+ Kf2 0-1

[Event "Olimpiada de Khanty-Mansiysk 2010"]
[Site "Khanty-Mansiysk RUS"]
[Date "2010.09.30"]
[Round "9"]
[White "Gerzhoy, Leonid"]
[Black "Laznicka, Viktor"]
[Result "1-0"]
[WhiteElo "2485"]
[BlackElo "2690"]
[PlyCount "109"]
[EventDate "2010.09.21"]
[EventType "team"]
[EventRounds "11"]
[EventCountry "RUS"]
[Source "lmi"]
[SourceDate "2010.09.21"]
[WhiteTeam "Canadá"]
[BlackTeam "Chequia"]
[WhiteTeamCountry "CAN"]
[BlackTeamCountry "CZE"]

1. d4 d5 2. c4 c6 3. Nc3 Nf6 4. e3 g6 5. Nf3 Bg7 6. Be2 O-O 7. O-O dxc4 8. Bxc4
Nbd7 9. e4 Nb6 10. Bb3 Bg4 11. Be3 e5 12. dxe5 Nfd7 13. e6 fxe6 14. Qd6 Bxf3
15. gxf3 Kh8 16. f4 Qh4 17. f3 e5 18. Ne2 Rae8 19. Bf2 Qh6 20. f5 Rf6 21. Qd3
gxf5 22. exf5 Qh3 23. Bxb6 Nxb6 24. Ng3 Bh6 25. Rf2 Bf4 26. Ne4 Qxf5 27. Rd1
Rg6+ 28. Kh1 Rf8 29. Qe2 Qh3 30. Rg2 Rxg2 31. Qxg2 Qxg2+ 32. Kxg2 Be3 33. Rd6
Bd4 34. Ng5 Nd5 35. Rd7 Rf5 36. Nf7+ Rxf7 37. Rxf7 Nf4+ 38. Kg3 b5 39. Kg4 c5
40. Bc2 h5+ 41. Kf5 c4 42. Be4 h4 43. Rb7 Kg8 44. Rxb5 h3 45. Bd5+ Nxd5 46.
Rxd5 Bxb2 47. Rd8+ Kf7 48. Rd7+ Ke8 49. Rxa7 Bd4 50. Rc7 c3 51. a4 Kd8 52. Rc4
Kd7 53. a5 Bg1 54. a6 Bd4 55. Rxc3 1-0

[Event "Olimpiada de Khanty-Mansiysk 2010"]
[Site "Khanty-Mansiysk RUS"]
[Date "2010.09.30"]
[Round "9.3"]
[White "Saric, Ivan"]
[Black "Salgado Lopez, Ivan"]
[Result "1/2-1/2"]
[WhiteElo "2567"]
[BlackElo "2595"]
[PlyCount "77"]
[EventDate "2010.09.21"]
[EventType "team"]
[EventRounds "11"]
[EventCountry "RUS"]
[Source "lmi"]
[SourceDate "2010.09.21"]
[WhiteTeam "Croacia"]
[BlackTeam "España"]
[WhiteTeamCountry "CRO"]
[BlackTeamCountry "ESP"]

1. e4 c5 2. Nf3 d6 3. d4 cxd4 4. Nxd4 Nf6 5. Nc3 a6 6. Be3 Ng4 7. Bc1 Nc6 8.
Be2 Nf6 9. O-O e6 10. Be3 Be7 11. f4 O-O 12. Qe1 Bd7 13. Qg3 Nxd4 14. Bxd4 Bc6
15. a4 Qa5 16. Bd3 Rae8 17. Kh1 Qb4 18. Ne2 g6 19. Qe3 e5 20. Bc3 Qc5 21. Qxc5
dxc5 22. Ng3 exf4 23. Rxf4 Nd7 24. e5 f6 25. exf6 Bxf6 26. Bxf6 Rxf6 27. Rxf6
Nxf6 28. Kg1 Kg7 29. a5 h5 30. Rf1 Nd5 31. h4 Re7 32. c3 Nxc3 33. bxc3 Re3 34.
Be4 Rxg3 35. Bxc6 bxc6 36. Rb1 Rxc3 37. Rb6 Ra3 38. Rxa6 c4 39. Rxc6 1/2-1/2

[Event "Olimpiada de Khanty-Mansiysk 2010"]
[Site "Khanty-Mansiysk RUS"]
[Date "2010.09.30"]
[Round "9.4"]
[White "Alsina Leal, Daniel"]
[Black "Palac, Mladen"]
[Result "1/2-1/2"]
[WhiteElo "2523"]
[BlackElo "2561"]
[PlyCount "52"]
[EventDate "2010.09.21"]
[EventType "team"]
[EventRounds "11"]
[EventCountry "RUS"]
[Source "lmi"]
[SourceDate "2010.09.21"]
[WhiteTeam "España"]
[BlackTeam "Croacia"]
[WhiteTeamCountry "ESP"]
[BlackTeamCountry "CRO"]

1. e4 c5 2. Nf3 d6 3. d4 cxd4 4. Nxd4 Nf6 5. Nc3 a6 6. Bg5 e6 7. f4 Qb6 8. Qd2
Qxb2 9. Rb1 Qa3 10. f5 Nc6 11. fxe6 fxe6 12. Nxc6 bxc6 13. Be2 Be7 14. O-O O-O
15. Rb3 Qc5+ 16. Kh1 Rf7 17. Be3 Qe5 18. Bd4 Nxe4 19. Qe3 Rxf1+ 20. Bxf1 Qf5
21. Bd3 e5 22. Qxe4 Qxe4 23. Bxe4 exd4 24. Bxc6 Be6 25. Bxa8 Bxb3 26. axb3 dxc3
1/2-1/2

[Event "Olimpiada de Khanty-Mansiysk 2010"]
[Site "Khanty-Mansiysk RUS"]
[Date "2010.09.30"]
[Round "9"]
[White "Zhigalko, Sergei"]
[Black "Movsesian, Sergei"]
[Result "1/2-1/2"]
[WhiteElo "2640"]
[BlackElo "2723"]
[PlyCount "33"]
[EventDate "2010.09.21"]
[EventType "team"]
[EventRounds "11"]
[EventCountry "RUS"]
[Source "lmi"]
[SourceDate "2010.09.21"]
[WhiteTeam "Bielorusia"]
[BlackTeam "Eslovaquia"]
[WhiteTeamCountry "BLR"]
[BlackTeamCountry "SVK"]

1. e4 c5 2. Nf3 e6 3. c4 Nc6 4. Nc3 Nf6 5. Be2 d5 6. exd5 exd5 7. d4 Be6 8. Be3
cxd4 9. Nxd4 Nxd4 10. Bxd4 dxc4 11. O-O Be7 12. Qa4+ Qd7 13. Qxd7+ Nxd7 14.
Bxg7 Rg8 15. Bd4 O-O-O 16. Rac1 Bc5 17. Rfd1 1/2-1/2

[Event "Olimpiada de Khanty-Mansiysk 2010"]
[Site "Khanty-Mansiysk RUS"]
[Date "2010.09.30"]
[Round "9"]
[White "Ftacnik, Lubomir"]
[Black "Zhigalko, Andrey"]
[Result "1/2-1/2"]
[WhiteElo "2568"]
[BlackElo "2580"]
[PlyCount "45"]
[EventDate "2010.09.21"]
[EventType "team"]
[EventRounds "11"]
[EventCountry "RUS"]
[Source "lmi"]
[SourceDate "2010.09.21"]
[WhiteTeam "Eslovaquia"]
[BlackTeam "Bielorusia"]
[WhiteTeamCountry "SVK"]
[BlackTeamCountry "BLR"]

1. Nf3 Nf6 2. c4 c5 3. Nc3 e6 4. g3 b6 5. Bg2 Bb7 6. O-O Be7 7. Re1 d5 8. cxd5
Nxd5 9. e4 Nb4 10. d4 cxd4 11. Nxd4 N8c6 12. Nxc6 Qxd1 13. Rxd1 Bxc6 14. a3 Nc2
15. Rb1 O-O 16. Bf4 Rfd8 17. Bc7 Rxd1+ 18. Rxd1 Rc8 19. Bd6 Kf8 20. Bf1 Rd8 21.
Bxe7+ Kxe7 22. Rxd8 Kxd8 23. f4 1/2-1/2

[Event "Olimpiada de Khanty-Mansiysk 2010"]
[Site "Khanty-Mansiysk RUS"]
[Date "2010.09.30"]
[Round "9"]
[White "Petrik, Tomas"]
[Black "Stupak, Kirill"]
[Result "1/2-1/2"]
[WhiteElo "2528"]
[BlackElo "2502"]
[PlyCount "105"]
[EventDate "2010.09.21"]
[EventType "team"]
[EventRounds "11"]
[EventCountry "RUS"]
[Source "lmi"]
[SourceDate "2010.09.21"]
[WhiteTeam "Eslovaquia"]
[BlackTeam "Bielorusia"]
[WhiteTeamCountry "SVK"]
[BlackTeamCountry "BLR"]

1. e4 e6 2. d4 d5 3. Nd2 dxe4 4. Nxe4 Nd7 5. Nf3 Ngf6 6. Bd3 Nxe4 7. Bxe4 Nf6
8. Bg5 Be7 9. Bxf6 Bxf6 10. Qd3 c6 11. O-O-O Qa5 12. Kb1 h6 13. h4 Bd7 14. Ne5
Rd8 15. f4 Qc7 16. g4 c5 17. g5 Bxe5 18. dxe5 hxg5 19. hxg5 Rxh1 20. Rxh1 Ke7
21. Qa3 Qb6 22. Bxb7 Bb5 23. Bf3 Rd4 24. Qe3 Bc6 25. a3 Qb7 26. Qc3 Qb5 27. Be2
Qb6 28. Rf1 g6 29. Bd3 a5 30. Ka1 Bg2 31. Rd1 c4 32. Be2 Rxd1+ 33. Bxd1 Qg1 34.
Qd2 Kf8 35. Ka2 c3 36. bxc3 Bd5+ 37. c4 Bxc4+ 38. Kb2 Qb6+ 39. Kc1 Bd5 40. Qc3
Qf2 41. Qd2 Qc5 42. Qd3 Qf2 43. Qd2 Qc5 44. Kb2 Qc4 45. Qe3 Be4 46. Qd2 Qb5+
47. Kc1 Kg7 48. Qe3 Qc4 49. Kd2 Qd5+ 50. Kc1 Qc4 51. Kd2 Qd5+ 52. Kc1 Qc4 53.
Kd2 1/2-1/2

[Event "Olimpiada de Khanty-Mansiysk 2010"]
[Site "Khanty-Mansiysk RUS"]
[Date "2010.09.30"]
[Round "9"]
[White "Kovacevic, Aleksandar"]
[Black "Hammer, Jon Ludvig"]
[Result "1/2-1/2"]
[WhiteElo "2582"]
[BlackElo "2633"]
[PlyCount "63"]
[EventDate "2010.09.21"]
[EventType "team"]
[EventRounds "11"]
[EventCountry "RUS"]
[Source "lmi"]
[SourceDate "2010.09.21"]
[WhiteTeam "SRB"]
[BlackTeam "Noruega"]
[BlackTeamCountry "NOR"]

1. e4 e5 2. Nf3 Nc6 3. Bb5 Nf6 4. O-O Nxe4 5. Re1 Nd6 6. Nxe5 Be7 7. Bf1 Nf5 8.
Nf3 O-O 9. d4 d5 10. c3 g6 11. Bf4 Bd6 12. Bxd6 Qxd6 13. Nbd2 Be6 14. Qb3 Rab8
15. Qa4 Bd7 16. Qc2 a5 17. Nb3 b6 18. Qd2 Rbe8 19. Rxe8 Rxe8 20. Re1 Re7 21.
Nc1 f6 22. Bd3 g5 23. Re2 h5 24. Qc2 Rxe2 25. Nxe2 Nce7 26. Qd2 h4 27. h3 Ng7
28. Nh2 Nh5 29. Qe3 Qe6 30. Qd2 Qd6 31. Qe3 Qe6 32. Qd2 1/2-1/2

[Event "Olimpiada de Khanty-Mansiysk 2010"]
[Site "Khanty-Mansiysk RUS"]
[Date "2010.09.30"]
[Round "9"]
[White "Elsness, Frode"]
[Black "Vuckovic, Bojan"]
[Result "1/2-1/2"]
[WhiteElo "2485"]
[BlackElo "2615"]
[PlyCount "112"]
[EventDate "2010.09.21"]
[EventType "team"]
[EventRounds "11"]
[EventCountry "RUS"]
[Source "lmi"]
[SourceDate "2010.09.21"]
[WhiteTeam "Noruega"]
[BlackTeam "SRB"]
[WhiteTeamCountry "NOR"]

1. d4 Nf6 2. c4 c5 3. d5 b5 4. cxb5 a6 5. bxa6 g6 6. Nc3 Bxa6 7. e4 Bxf1 8.
Kxf1 d6 9. Nf3 Bg7 10. g3 O-O 11. Kg2 Nbd7 12. h3 Qa5 13. Re1 Rfb8 14. e5 dxe5
15. Nxe5 Nxe5 16. Rxe5 Rb7 17. Qe2 Qd8 18. Qf3 Ne8 19. Re2 Nd6 20. Bf4 Rd7 21.
g4 Nc4 22. Rae1 Bf8 23. b3 Nb6 24. Rd1 Rc8 25. Red2 Bg7 26. d6 e6 27. g5 c4 28.
b4 Bxc3 29. Qxc3 Rc6 30. Kg1 Nc8 31. b5 Rc5 32. a4 Nb6 33. Be3 Nxa4 34. Qa3
Rxg5+ 35. Kf1 c3 36. Bxg5 Qxg5 37. Re2 Qxb5 38. Ra1 c2 39. Rc1 Nb6 40. Rcxc2
Qd5 41. Red2 Qh1+ 42. Ke2 Nd5 43. Rd4 Qb1 44. Rb2 Qf5 45. Qg3 e5 46. Rxd5 Qe4+
47. Qe3 Qxd5 48. Rd2 Qb5+ 49. Ke1 f6 50. Qc3 Kf7 51. f3 h5 52. Qc8 Ke6 53. h4
Qa4 54. Kf1 Qb5+ 55. Kg2 Qa4 56. Qb8 Qc6 1/2-1/2

[Event "Olimpiada de Khanty-Mansiysk 2010"]
[Site "Khanty-Mansiysk RUS"]
[Date "2010.09.30"]
[Round "9"]
[White "Ivanisevic, Ivan"]
[Black "Urkedal, Frode"]
[Result "1-0"]
[WhiteElo "2613"]
[BlackElo "2430"]
[PlyCount "137"]
[EventDate "2010.09.21"]
[EventType "team"]
[EventRounds "11"]
[EventCountry "RUS"]
[Source "lmi"]
[SourceDate "2010.09.21"]
[WhiteTeam "SRB"]
[BlackTeam "Noruega"]
[BlackTeamCountry "NOR"]

1. d4 Nf6 2. Bg5 e6 3. e3 c5 4. Nd2 cxd4 5. exd4 h6 6. Bh4 Be7 7. Ngf3 b6 8. c3
O-O 9. Bd3 Ba6 10. Bxa6 Nxa6 11. Qe2 Nc7 12. Bxf6 Bxf6 13. h4 g6 14. g4 Bg7 15.
g5 h5 16. O-O-O Nd5 17. Ne4 Qc7 18. Kb1 Rfc8 19. Rhg1 b5 20. Ne5 d6 21. Nd3 b4
22. Nxb4 Nxb4 23. cxb4 Qc4 24. Qxc4 Rxc4 25. a3 Rxd4 26. Rxd4 Bxd4 27. Rd1 Be5
28. Rc1 d5 29. Nf6+ Kg7 30. Nd7 Bd4 31. Rc2 Rd8 32. Nc5 Kf8 33. b5 Ke7 34. Nb7
Rd7 35. Na5 Kd6 36. Nc6 Bg7 37. b4 Rc7 38. Rc5 f6 39. f4 fxg5 40. fxg5 e5 41.
Nd8 Re7 42. Rc6+ Kd7 43. Nb7 e4 44. Nc5+ Ke8 45. Kc2 e3 46. Nd3 e2 47. Rxg6 Re3
48. Kd2 Bd4 49. Ne1 Rxa3 50. Kxe2 Re3+ 51. Kf1 Rh3 52. Ng2 Bb6 53. Ke2 Rh2 54.
Kf3 Rh3+ 55. Kf4 Rh2 56. Re6+ Kf7 57. Re2 d4 58. Ke4 Rh1 59. Nf4 d3 60. Nxd3
Rxh4+ 61. Kf5 Rd4 62. g6+ Kf8 63. Nf4 Rxb4 64. Ne6+ Ke7 65. Nc5+ Kd8 66. Rg2
Rxb5 67. g7 Rxc5+ 68. Ke6 Rc6+ 69. Kd5 1-0

[Event "Olimpiada de Khanty-Mansiysk 2010"]
[Site "Khanty-Mansiysk RUS"]
[Date "2010.09.30"]
[Round "9"]
[White "Leitao, Rafael"]
[Black "Caruana, Fabiano"]
[Result "0-1"]
[WhiteElo "2624"]
[BlackElo "2700"]
[PlyCount "48"]
[EventDate "2010.09.21"]
[EventType "team"]
[EventRounds "11"]
[EventCountry "RUS"]
[Source "lmi"]
[SourceDate "2010.09.21"]
[WhiteTeam "Brasil"]
[BlackTeam "Italia"]
[WhiteTeamCountry "BRA"]
[BlackTeamCountry "ITA"]

1. d4 Nf6 2. c4 g6 3. Nf3 Bg7 4. g3 d5 5. cxd5 Nxd5 6. Bg2 Nb6 7. Nc3 Nc6 8. e3
O-O 9. O-O Re8 10. Re1 a5 11. Qe2 Be6 12. Rd1 Bc4 13. Qc2 Nb4 14. Qb1 e5 15. a3
exd4 16. axb4 dxc3 17. Rxd8 Raxd8 18. Qc2 axb4 19. Nd2 cxd2 20. Bxd2 Ra8 21.
Rxa8 Rxa8 22. Bxb7 Ra1+ 23. Bc1 b3 24. Qd1 Bxb2 0-1

[Event "Olimpiada de Khanty-Mansiysk 2010"]
[Site "Khanty-Mansiysk RUS"]
[Date "2010.09.30"]
[Round "9"]
[White "Godena, Michele"]
[Black "Milos, Gilberto"]
[Result "1/2-1/2"]
[WhiteElo "2551"]
[BlackElo "2599"]
[PlyCount "89"]
[EventDate "2010.09.21"]
[EventType "team"]
[EventRounds "11"]
[EventCountry "RUS"]
[Source "lmi"]
[SourceDate "2010.09.21"]
[WhiteTeam "Italia"]
[BlackTeam "Brasil"]
[WhiteTeamCountry "ITA"]
[BlackTeamCountry "BRA"]

1. e4 c5 2. c3 d5 3. exd5 Qxd5 4. d4 Nf6 5. Nf3 e6 6. Be2 cxd4 7. cxd4 Nc6 8.
O-O Be7 9. Nc3 Qd6 10. Be3 O-O 11. Rc1 Rd8 12. Qd2 Nd5 13. Nxd5 Qxd5 14. Bc4
Qa5 15. Qe2 Bd7 16. Rfd1 Be8 17. a3 Rac8 18. Ba2 Bf8 19. h3 h6 20. Qe1 Qb5 21.
b4 Qa4 22. Ra1 Ne7 23. Ne5 Nd5 24. Bd2 b6 25. Rdc1 Ne7 26. Rxc8 Rxc8 27. Bb1
Qb3 28. Be4 Nd5 29. Bf3 Qb2 30. Bxd5 exd5 31. Be3 Qb3 32. Rc1 Rxc1 33. Qxc1 f6
34. Qc8 fxe5 35. Qxe8 exd4 36. Qe6+ Kh8 37. Qc8 Qb1+ 38. Kh2 dxe3 39. Qxf8+ Kh7
40. fxe3 Qe4 41. b5 Qe5+ 42. Kh1 Kg6 43. a4 h5 44. Qa8 Qxe3 45. Qc6+ 1/2-1/2

[Event "Olimpiada de Khanty-Mansiysk 2010"]
[Site "Khanty-Mansiysk RUS"]
[Date "2010.09.30"]
[Round "9"]
[White "Fier, Alexandr"]
[Black "Brunello, Sabino"]
[Result "0-1"]
[WhiteElo "2588"]
[BlackElo "2497"]
[PlyCount "70"]
[EventDate "2010.09.21"]
[EventType "team"]
[EventRounds "11"]
[EventCountry "RUS"]
[Source "lmi"]
[SourceDate "2010.09.21"]
[WhiteTeam "Brasil"]
[BlackTeam "Italia"]
[WhiteTeamCountry "BRA"]
[BlackTeamCountry "ITA"]

1. d4 Nf6 2. c4 c5 3. d5 e6 4. Nc3 exd5 5. cxd5 d6 6. Nf3 g6 7. h3 Bg7 8. e4
O-O 9. Bd3 Nbd7 10. O-O Nh5 11. Bg5 Bf6 12. Be3 Re8 13. Nd2 Bd4 14. Re1 Ne5 15.
Nf3 Nxf3+ 16. Qxf3 Be5 17. g4 Nf4 18. Bb5 Rf8 19. Bxf4 Qf6 20. Bxe5 Qxf3 21.
Bxd6 Qxh3 22. Re3 Qxg4+ 23. Rg3 Qh4 24. Bxc5 Rd8 25. Re1 Bd7 26. Bd3 Re8 27. e5
Qf4 28. Bd6 f6 29. Rge3 fxe5 30. Bxe5 Rxe5 31. Rxe5 Rf8 32. Nd1 Bg4 33. R5e4
Qg5 34. Kf1 Bf3 35. Ne3 Qh5 0-1

[Event "Olimpiada de Khanty-Mansiysk 2010"]
[Site "Khanty-Mansiysk RUS"]
[Date "2010.09.30"]
[Round "9"]
[White "Rombaldoni, Denis"]
[Black "Mekhitarian, Krikor Sevag"]
[Result "1/2-1/2"]
[WhiteElo "2501"]
[BlackElo "2550"]
[PlyCount "125"]
[EventDate "2010.09.21"]
[EventType "team"]
[EventRounds "11"]
[EventCountry "RUS"]
[Source "lmi"]
[SourceDate "2010.09.21"]
[WhiteTeam "Italia"]
[BlackTeam "Brasil"]
[WhiteTeamCountry "ITA"]
[BlackTeamCountry "BRA"]

1. d4 Nf6 2. c4 g6 3. Nc3 d5 4. e3 Bg7 5. Qb3 e6 6. Qa3 a5 7. Nf3 Nc6 8. Bd2
Nb4 9. Qb3 Ne4 10. a3 Nxd2 11. Nxd2 dxc4 12. Bxc4 Na6 13. O-O O-O 14. Nde4 c6
15. Rfd1 Nc7 16. Nc5 Qe7 17. Qb6 Ne8 18. Bf1 Nd6 19. Nb3 Qd8 20. Na4 Qxb6 21.
Nxb6 Ra7 22. Nc5 Rd8 23. Rd2 Bf8 24. Rad1 Ne8 25. Bc4 Nc7 26. Kf1 Kg7 27. e4
Na8 28. Nca4 Nxb6 29. Nxb6 Bd6 30. g3 Bc7 31. Nxc8 Rxc8 32. d5 cxd5 33. exd5
exd5 34. Rxd5 Bxg3 35. hxg3 Rxc4 36. Rd7 Rc2 37. R1d3 Ra6 38. Rf3 Rf6 39. Rxf6
Kxf6 40. Rxb7 a4 41. Rb4 h5 42. Kg2 Kg5 43. Kf3 Kf5 44. Ke3 g5 45. Kf3 g4+ 46.
Ke3 Kg5 47. Rxa4 Rxb2 48. Ra8 Rb5 49. a4 Re5+ 50. Kd3 h4 51. gxh4+ Kxh4 52. a5
Kg5 53. a6 Kf4 54. a7 Ra5 55. Kc4 Kf3 56. Kb4 Ra2 57. Kc5 Kxf2 58. Kb6 g3 59.
Rf8 g2 60. Rxf7+ Ke2 61. Rg7 Kf2 62. Kb7 g1=Q 63. Rxg1 1/2-1/2

[Event "Olimpiada de Khanty-Mansiysk 2010"]
[Site "Khanty-Mansiysk RUS"]
[Date "2010.09.30"]
[Round "9"]
[White "Kanep, Meelis"]
[Black "Barrientos, Sergio E"]
[Result "1/2-1/2"]
[WhiteElo "2532"]
[BlackElo "2464"]
[PlyCount "63"]
[EventDate "2010.09.21"]
[EventType "team"]
[EventRounds "11"]
[EventCountry "RUS"]
[Source "lmi"]
[SourceDate "2010.09.21"]
[WhiteTeam "Estonia"]
[BlackTeam "Colombia"]
[WhiteTeamCountry "EST"]
[BlackTeamCountry "COL"]

1. d4 Nf6 2. c4 e6 3. Nf3 Bb4+ 4. Nbd2 b6 5. a3 Bxd2+ 6. Bxd2 Bb7 7. Bg5 h6 8.
Bh4 d6 9. e3 Nbd7 10. h3 Qe7 11. Bd3 g5 12. Bg3 Ne4 13. Bh2 f5 14. Qc2 Qf6 15.
O-O-O O-O-O 16. Ng1 Qe7 17. f3 Nef6 18. Ne2 Kb8 19. Kb1 h5 20. Rhf1 Rhg8 21.
Nc3 h4 22. Qa4 f4 23. Rfe1 e5 24. Bf5 Qf7 25. Bg1 fxe3 26. Bxe3 exd4 27. Bxd4
Rge8 28. Rxe8 Rxe8 29. Bxf6 Nxf6 30. Nb5 a6 31. Nd4 Re5 32. Qc2 1/2-1/2